Francis Forever lyrics - Mitski - Statistics

General Stats
  • This quiz has been taken 1,113 times
  • The average score is 123 of 145
Answer Stats
Answer % Correct
I
99%
a
96%
you
95%
do
94%
to
94%
don't
93%
the
92%
be
91%
my
91%
with
91%
know
90%
what
90%
where
90%
at
89%
but
89%
see
89%
by
88%
without
88%
me
87%
put
87%
been
86%
can
86%
I've
86%
AM
85%
I'm
85%
best
84%
that
84%
three
84%
world
84%
this
83%
head
82%
need
82%
think
82%
hands
81%
writing
81%
down
79%
stand
79%
trying
79%
when
79%
lay
78%
out
76%
anything
74%
look
74%
miss
74%
more
74%
than
74%
could
73%
on
73%
up
72%
and
71%
go
71%
tree
71%
street
70%
of
69%
sunlight
69%
walking
69%
days
68%
sunny
67%
not
65%
gaps
64%
lined
64%
you're
63%
comes
61%
passing
61%
end
60%
done
59%
yet
59%
autumn
58%
summer
56%
No matching quizzes found
Score Distribution
Percent of People with Each Score
Percentile by Number Answered
Your Score History
You have not taken this quiz